000 00393 a2200169 4500
001 47650
020 _a978-85-06-06877-9
040 _cAnchieta - Aquarius
100 _aWYATT, Valerie
240 1 0 _aComo construir seu país
_lpor
245 1 0 _aComo construir seu país
300 _a39
362 0 _a2013
440 1 _aMelhoramentos
650 4 _aLiteratura infanto-juvenil
942 _cBK
999 _c47650
_d47650